000 00415nam a22001217a 4500
999 _c1434
_d1434
005 20200831141047.0
008 200831b ||||| |||| 00| 0 eng d
020 _a0521272882
040 _cCML
245 _aAlgebra through Practice: A Collection of Problems in Algebra, with Solutions. book3.
_cBlyth, T.S.
260 _aLondon
_bCambridge Universty
_c1984
942 _2ddc
_cBK
_e1st Edition
_h512
_mBLY